| 000 | 00712nam a2200241Ia 4500 | ||
|---|---|---|---|
| 005 | 20260430150640.0 | ||
| 008 | 008 250103s9999 xx 000 0 eng d | ||
| 037 | _aTheses | ||
| 040 | _aCRL | ||
| 040 | _beng | ||
| 040 | _ceng | ||
| 041 | _2eng | ||
| 041 | _aeng | ||
| 084 | _qCRL | ||
| 100 |
_aKungreiliu Panmei Au.; Sarita Kumar Gu. _91238103 |
||
| 245 | 0 | _aStudies on the effects of Lufenuron on the Growth, Development and Chitin Synthesis of an Indian Strain of Aedes aegypti L. (Diptera: Culicidae) | |
| 260 | _c2023 | ||
| 300 | _a298p. | ||
| 650 | _aZoology | ||
| 700 |
_aUniversity of Delhi. Faculty of Science. Deptt. of Zoology _91237570 |
||
| 942 | _cTH | ||
| 999 |
_c1850295 _d1850295 |
||